In the country of deceit / (Record no. 61933)

MARC details
000 -LEADER
fixed length control field 01125nam a22002297a 4500
005 - DATE AND TIME OF LATEST TRANSACTION
control field 20120203111810.0
010 ## - LCCN (DPL NO)
LC control number B-452351-353
020 ## - INTERNATIONAL STANDARD BOOK NUMBER
International Standard Book Number 9780143067153
Terms of availability 275.00
035 ## - SYSTEM CONTROL NUMBER
System control number B-452351-353
037 ## - SOURCE OF ACQUISITION
Source of stock number/acquisition Virtuous Pub/Ven
082 ## - DEWEY DECIMAL CLASSIFICATION NUMBER
Classification number N
100 ## - MAIN ENTRY--PERSONAL NAME
Personal name Deshpande,Shashi
245 ## - TITLE STATEMENT
Title In the country of deceit /
Statement of responsibility, etc by Shashi Deshpande
260 ## - PUBLICATION, DISTRIBUTION, ETC. (IMPRINT)
Place of publication, distribution, etc New Delhi
Name of publisher, distributor, etc Penguin Books
Date of publication, distribution, etc 2008
270 ## - ADDRESS
Address 11 Community Centre,Panchsheel Park,
City New Delhi
Postal code 110017
300 ## - PHYSICAL DESCRIPTION
Extent 259p.
Dimensions 20cm(pbk)
942 ## - ADDED ENTRY ELEMENTS (KOHA)
Source of classification or shelving scheme Dewey Decimal Classification
Item type English Books
Call number suffix DES
Classification part N
Holdings
Withdrawn status Lost status Not for loan Collection code Home library Current library Date acquired Source of acquisition Cost, normal purchase price Full call number Barcode Copy number Cost, replacement price Koha item type
      Fiction Central Library Central Library 16/02/2012 Virtuous Pub/686/14.10.2011/05/15.09.2011/29.11.2011 275.00 N DES B-452351 1 275.00 English Books
      Fiction Patel Nagar Patel Nagar 16/02/2012 Virtuous Pub/686/14.10.2011/05/15.09.2011/29.11.2011 275.00 N DES B-452352 1 275.00 English Books
      Fiction Sarojini Nagar Sarojini Nagar 16/02/2012 Virtuous Pub/686/14.10.2011/05/15.09.2011/29.11.2011 275.00 N DES B-452353 1 275.00 English Books

© Delhi Public Library
Hit Counter
free hit counter